| 000 | 00377 a2200157 4500 | ||
|---|---|---|---|
| 003 | Nust | ||
| 005 | 20170207153145.0 | ||
| 020 | _a8170082889 | ||
| 040 | _cNust | ||
| 082 | _a005.133 | ||
| 100 | _aKundalia,Nishant | ||
| 245 |
_aBasics of C++ Programming _cby Nishant Kundalia |
||
| 260 |
_aNew Delhi _bFirewall Media _c2002 |
||
| 300 | _a158:P | ||
| 650 | _aBasics of C++ Programming | ||
| 942 |
_2ddc _cBK |
||
| 999 |
_c180294 _d180294 |
||